Welcome To E-JUST Library

عصر الدول و الإمارات : (Record no. 7434)

MARC details
000 -LEADER
fixed length control field 02862nam a22002657a 4500
003 - CONTROL NUMBER IDENTIFIER
control field EG-NbEJU
005 - DATE AND TIME OF LATEST TRANSACTION
control field 20260317095842.0
008 - FIXED-LENGTH DATA ELEMENTS--GENERAL INFORMATION
fixed length control field 250806s2009 ua gr 000 0 ara d
017 ## - COPYRIGHT OR LEGAL DEPOSIT NUMBER
Copyright or legal deposit number 2007 / 3769
Assigning agency مصر . دار الكتب المصرية
020 ## - INTERNATIONAL STANDARD BOOK NUMBER
International Standard Book Number 977027085
040 ## - CATALOGING SOURCE
Original cataloging agency EG-NbEJU
Language of cataloging ara
Transcribing agency EG-NbEJU
041 ## - LANGUAGE CODE
Language code of text/sound track or separate title ara
050 ## - LIBRARY OF CONGRESS CALL NUMBER
Classification number PJ7542 .D3
Item number A8 2009
100 1# - MAIN ENTRY--PERSONAL NAME
Personal name ضيف ، شوقي ،
Dates associated with a name 1910 - 2005
245 12 - TITLE STATEMENT
Title عصر الدول و الإمارات :
Remainder of title ليبيا - تونس - صقلية /
Statement of responsibility, etc. بقلم شوقي ضيف
250 ## - EDITION STATEMENT
Edition statement الطبعة الحادية عشرة
260 ## - PUBLICATION, DISTRIBUTION, ETC.
Place of publication, distribution, etc. القاهرة :
Name of publisher, distributor, etc. دار المعارف ،
Date of publication, distribution, etc. 2009
300 ## - PHYSICAL DESCRIPTION
Extent 448 صفحة ؛
Dimensions 24 سم
490 0# - SERIES STATEMENT
Series statement تاريخ الأدب العربي
Volume/sequential designation 9
520 ## - SUMMARY, ETC.
Summary, etc. هذا الجزء من تاريخ الأدب العربي يخص ليبيا وتونس وصقلية يؤرخ فيها المؤلف لهذه البلاد بدءًا من ليبيا فتحدث عن تاريخها وجغرافيتها وعن زروعها وصناعتها وتجارتها وموانيها كما تحدث عن فتح العرب لها وعن ولائها أيام الأمويين والعباسيين والحركة العلمية وحلقات العلماء والكتاتيب. ثم انتقل المؤلف إلى القطر التونسى قلب إفريقيا النابض فتحدث عن جغرافيته وتاريخه وفتح العرب له واعتناق أهله الدين الإسلامي . وقد هيأ الإقليم التونسى لسكانه رخاء واسعا وحديثا من الزروع والصناعات مثل صناعة الزجاج والبلور والخزف والمنسوجات والسجاجيد وفنون الزخرفة، وانتشرت فيه تعاليم الإسلام وشريعته وأقبل البربر على اعتناق الإسلام وحضور حلقات العلماء. كما تحدث المؤلف عن حركة أدبية واسعة ووفود الشعراء إليها.ثم انتقل أخيرا إلى صقلية وشرح جغرافيتها وتاريخها القديم وفتح إفريقية التونسية لها وتكلم عن حكم المسلمين لصقلية وكيف تعاملوا<br/>مع المسيحيين معاملة سمحة كريمة. ونقل العرب إلى صقلية الحركة العلمية الموجودة بالقيروان والعلوم الدينية واللغوية واشتهرت صقلية في ذلك العهد بفلكيين ورياضيين ومهندسين كبار وعلوم الترجمة والشعر كما تحدث المؤلف عن النثر وكتابه البارعين وعلم الرسائل وغيرها من العلوم ...
650 #7 - SUBJECT ADDED ENTRY--TOPICAL TERM
Source of heading or term qrmak
Topical term or geographic name entry element الشعر العربي
General subdivision تاريخ و نقد
901 ## - Cataloger information
Cataloger Name Kholoud
902 ## - PDF File name
PDF File name EJUST_1304_ (46)
942 ## - ADDED ENTRY ELEMENTS (KOHA)
Source of classification or shelving scheme Library of Congress Classification
Koha item type Books
Suppress in OPAC No
Holdings
Withdrawn status Lost status Source of classification or shelving scheme Damaged status Not for loan Home library Current library Date acquired Total checkouts Full call number Barcode Date last seen Copy number Price effective from Koha item type
    Library of Congress Classification     Fayza Aboulnaga Central Library | مكتبة فايزة أبو النجا المركزية بالحرم الجامعي Fayza Aboulnaga Central Library | مكتبة فايزة أبو النجا المركزية بالحرم الجامعي 08/06/2025   PJ7542 .D3 A8 2009 10015216 08/06/2025 C. 1 08/06/2025  

All Rights Reserved
Egypt-Japan University of Science and Technology (E-JUST) © 2026